CLINICAL NEUROANATOMY (Record no. 3653)

MARC details
000 -LEADER
fixed length control field 00351nam a2200145Ia 4500
008 - FIXED-LENGTH DATA ELEMENTS--GENERAL INFORMATION
fixed length control field 150201s2001 xx 000 0 und d
082 ## - DEWEY DECIMAL CLASSIFICATION NUMBER
Classification number 611
Item number C2001S
100 ## - MAIN ENTRY--PERSONAL NAME
Personal name BHATIA RAJESH
245 ## - TITLE STATEMENT
Title CLINICAL NEUROANATOMY
250 ## - EDITION STATEMENT
Edition statement 6TH
260 ## - PUBLICATION, DISTRIBUTION, ETC. (IMPRINT)
Name of publisher, distributor, etc. LIPPINCOTT PUBLICATION
Place of publication, distribution, etc. PHILADELPHIA
Date of publication, distribution, etc. 2001
300 ## - PHYSICAL DESCRIPTION
Extent 1-538
650 ## - SUBJECT ADDED ENTRY--TOPICAL TERM
Topical term or geographic name as entry element ANATOMY
942 ## - ADDED ENTRY ELEMENTS (KOHA)
Source of classification or shelving scheme Dewey Decimal Classification
Koha item type Books
Holdings
Withdrawn status Lost status Source of classification or shelving scheme Damaged status Not for loan Home library Current library Date acquired Source of acquisition Cost, normal purchase price Serial Enumeration / chronology SGTU Bill Number Total Checkouts Full call number Barcode Date last seen Date last checked out Bill Date Koha item type
    Dewey Decimal Classification     SGT Dental Library SGT Dental Library 15/01/2007 U.B.S.DELHI 1380.00 1 SGTU 1048 1 611 C2001S FD4370 12/05/2025 01/05/2025 22/08/2012 Books